00576 a2200193 450000500170000000800410001701000140005802000230007203500130009503700150010804000080012308200080013110000260013924500820016526000400024727000550028730000220034270000180036420080825111330.0080825t xxu||||| |||| 00| 0aeng d aENG-87088 a8174875441c300.00 aEN-70621 bDBAD / PUB adpl a921 aTripathi, Madhusoodan aSonia Gandhicby Madhusoodan Tripathi [and] Nishant Singhbthe jewel of India aNew DelhibRadha Publicationsc2007 a4231/1, Ansari Road, DaryaganjbNew Delhie110 002 a166p.c21cm (Hb) aNishant Singh